| 000 | 00992nab a22002297a 4500 | ||
|---|---|---|---|
| 999 |
_c5566 _d5566 |
||
| 003 | OSt | ||
| 005 | 20251218101137.0 | ||
| 008 | 190429b xxu||||| |||| 00| 0 spa d | ||
| 040 | _cPJ | ||
| 100 |
_96545 _aCasas, Sebastián |
||
| 245 | 1 | 0 |
_aEnsayo sobre el derecho penal en la era de la big data / _cSebastián Casas. |
| 260 |
_cCiudad Autónoma de Buenos Aires : _aThomson Reuters La Ley, _b2025. |
||
| 300 | _ap. 199-223 | ||
| 500 | _aCita: TR LALEY AR/DOC/396/2025. | ||
| 505 | _aSumario: I. Estado de situación.— II. Y en el medio los mismos de siempre.— III. Big data y últimas palabras. | ||
| 505 | _tSi te interesa el texto completo, solicitalo a koha@justierradelfuego.gov.ar | ||
| 650 | 0 |
_9343 _aDERECHO PENAL |
|
| 650 | 0 |
_96081 _aCIENCIA Y TECNOLOGÍA |
|
| 650 | 0 |
_92486 _aCRIMINOLOGÍA |
|
| 773 | 0 |
_02658 _93164 _tRevista de derecho penal y criminología. Nº 3 - Abril 2025 _dCiudad Autónoma de Buenos Aires : Thomson Reuters La Ley, 2017- _x00347914 |
|
| 942 |
_2udc _cANA |
||